000
00229nam a22000857a 4500
008
170620b xxu||||| |||| 00| 0 eng d
100
_9
3591
_a
Khurana. R
245
_a
Encyclopedia of computer science
260
_a
New delhi
_b
A. P. H
_c
2009
999
_c
6977
_d
6977